000 00382 a2200169 4500
001 69599
020 _a8586390496
040 _cAnchieta - Itaigara
100 _aFurtado, Paula
240 1 0 _aFifa a vaquinha fantástica
_lpor
245 1 0 _aFifa a vaquinha fantástica
300 _a16
362 0 _a0
440 1 _aÁtica
650 4 _aLiteratura infanto-juvenil
942 _cBK
999 _c69599
_d69599